Top tourism destinations worldwide Quiz Stats

 Plays Quiz not verified by Sporcle

Also try: Counties of Wales
Challenge
Share
Tweet
Embed
Score 0/20 Timer 05:00
0 Plays Today
Number of visitors (millions) Country % Correct
83.0France
98.3%
67.0United States
98.1%
57.7China
97.5%
46.4Italy
96.7%
57.7Spain
95.3%
29.3United Kingdom
93.2%
30.4Germany
92.4%
16.3Canada
92.4%
25.7Russia
92.1%
23.4Mexico
91.3%
Number of visitors (millions) Country % Correct
35.7Turkey
87.8%
15.5Greece
83.9%
11.2Egypt
81%
22.4Thailand
80.8%
11.7Netherlands
76.2%
24.2Austria
73.3%
14.8Poland
69.4%
25.0Malaysia
60.5%
23.0Ukraine
54.5%
13.7Saudi Arabia
52.7%

You're not logged in!

Compare scores with friends on all Sporcle quizzes.
Join for Free
OR
Log In

You Might Also Like...

Show Comments

Extras

Top Quizzes Today


Score Distribution

Your Account Isn't Verified!

In order to create a playlist on Sporcle, you need to verify the email address you used during registration. Go to your Sporcle Settings to finish the process.

Report this User

Report this user for behavior that violates our Community Guidelines.

Details: